| 000 | 01758nim a2200409 i 4500 | ||
|---|---|---|---|
| 001 | 197350 | ||
| 003 | ES-MaACL | ||
| 005 | 20251012063106.0 | ||
| 007 | ss lsnjlcipnne | ||
| 008 | 140525s1991 sp nnnn |||| 00| spa d | ||
| 040 |
_bspa _cES-MaACL |
||
| 100 | 1 |
_aRodríguez, Francisco, _d1945- _eaut _998242 |
|
| 245 | 0 | 0 |
_aLa desmitificación del eurocentrismo por la literatura gallega contemporánea _h[Grabación sonora] / _cpor Francisco Rodríguez ; presenta Lauro Olmo |
| 260 |
_aMadrid : _bAteneo de Madrid, _c1991 |
||
| 300 |
_a2 casetes (ca. 180 min) : _bson. ; _c11 cm |
||
| 336 |
_2rdacontent _atexto |
||
| 337 |
_2rdamedia _asin mediación |
||
| 338 |
_2rdacarrier _avolumen |
||
| 490 | 1 | _3Actos culturales en el Ateneo de Madrid | |
| 511 | _aRealizada por Francisco Rodríguez, catedrático y presenta Lauro Olmos. de Madrid. | ||
| 518 | _aGrabado el 26 de abril de 1991 en el Salón de Actos del Ateneo de Madrid. | ||
| 520 | _aConferencia sobre la literatura gallega contemporánea tratando de buscar algún sustrato filosófico. | ||
| 540 | _aDocumento inédito | ||
| 594 | _5Datos basados en la invitación. | ||
| 610 | 2 | 0 |
_aAteneo de Madrid- _xActos culturales- _y1991- _vGrabaciones sonoras _9240452 |
| 651 | 7 |
_9168757 _aGalicia- _xEn la literatura |
|
| 653 | _aArchivo de la palabra | ||
| 655 | 0 |
_aConferencias _9234444 |
|
| 700 | 1 |
_986974 _aOlmo, Lauro, _d1922-1994 _epres |
|
| 710 | 2 |
_aAteneo de Madrid. _bCátedra Valle-Inclán _ehis _9137505 |
|
| 830 | 0 |
_aActos culturales en el Ateneo de Madrid _9240237 |
|
| 852 |
_aES-MaACL _cDEPOZ _9205664 _pCinta 1 |
||
| 852 |
_aES-MaACL _cDEPOZ _9205665 _pCinta 2 |
||
| 942 |
_2udc _n0 _cCINTASAUD |
||
| 999 |
_c197350 _d197350 |
||